| 000 | 00802nam a2200265Ia 4500 | ||
|---|---|---|---|
| 003 | OSt | ||
| 005 | 20220925164738.0 | ||
| 006 | a|||||r|||| 00| 0 | ||
| 007 | ta | ||
| 008 | 220923b |||||||| |||| 00| 0 eng d | ||
| 020 | _a0754637867 | ||
| 037 | _cGeneral Book | ||
| 040 |
_aRTL _cRTL _beng |
||
| 041 |
_2eng _aeng |
||
| 082 | _aX:89k.73.P, P5 | ||
| 100 |
_aGray Alfred J _9231205 |
||
| 245 | 0 |
_aTVA regional planning and development program _b The |
|
| 260 |
_aAldershot _bAshgate _c2005 |
||
| 300 |
_axv,193p _ccm. |
||
| 490 | _aUrban Planning and Environment | ||
| 500 | _aBibliography: P 179-184; Appendix: P 155-178 | ||
| 700 |
_a Johnson David A _933171 |
||
| 942 |
_hX:89k.73.P, P5 _cGB _2CC |
||
| 999 |
_c475782 _d475782 |
||